The New York stories of Edith Wharton /
| Main Author: | |
|---|---|
| Other Authors: | |
| Format: | Book |
| Language: | English |
| Published: |
New York :
New York Review Books,
[2007]
|
| Series: | New York Review Books classics.
|
| Subjects: | |
| Online Access: | Table of contents only Contributor biographical information Publisher description |
MARC
| Tag | First Indicator | Second Indicator | Subfields |
|---|---|---|---|
| LEADER | 00000cam a2200000 a 4500 | ||
| 001 | in00002349621 | ||
| 005 | 20151108063037.0 | ||
| 008 | 070508s2007 nyu 000 1 eng | ||
| 010 | |a 2007019564 | ||
| 015 | |a GBA753949 |2 bnb | ||
| 016 | 7 | |a 013789854 |2 Uk | |
| 020 | |a 9781590172483 (alk. paper) | ||
| 020 | |a 1590172485 (alk. paper) | ||
| 035 | |a (OCoLC)ocn124166906 | ||
| 035 | |a (OCoLC)124166906 | ||
| 040 | |a DLC |c DLC |d BAKER |d BTCTA |d UKM |d C#P |d IXA |d YDXCP |d JQF |d TXA |d UtOrBLW | ||
| 043 | |a n-us-ny | ||
| 049 | |a TXAM | ||
| 050 | 0 | 0 | |a PS3545.H16 |b A6 2007 |
| 082 | 0 | 0 | |a 813/.52 |2 22 |
| 100 | 1 | |a Wharton, Edith, |d 1862-1937. | |
| 240 | 1 | 0 | |a Short stories. |k Selections |
| 245 | 1 | 4 | |a The New York stories of Edith Wharton / |c Edith Wharton ; selected and with an introduction by Roxana Robinson. |
| 264 | 1 | |a New York : |b New York Review Books, |c [2007] | |
| 264 | 4 | |c ©2007 | |
| 300 | |a xxviii, 452 pages ; |c 21 cm. | ||
| 336 | |a text |b txt |2 rdacontent | ||
| 337 | |a unmediated |b n |2 rdamedia | ||
| 338 | |a volume |b nc |2 rdacarrier | ||
| 490 | 1 | |a New York Review Books classics | |
| 505 | 0 | |a Mrs. Manstey's view -- That good may come -- The portrait -- A cup of cold water -- A journey -- The Rembrandt -- The other two -- The quicksand -- The dilettante -- The reckoning -- Expiation -- The pot-boiler -- His father's son -- Full circle -- Autres temps -- The long run -- After Holbein -- Diagnosis -- Pomegranate see -- Roman fever. | |
| 651 | 0 | |a New York (N.Y.) |v Fiction. | |
| 700 | 1 | |a Robinson, Roxana. | |
| 830 | 0 | |a New York Review Books classics. | |
| 856 | 4 | 1 | |3 Table of contents only |u http://www.loc.gov/catdir/toc/ecip0717/2007019564.html |t 0 |
| 856 | 4 | 2 | |3 Contributor biographical information |u http://www.loc.gov/catdir/enhancements/fy0738/2007019564-b.html |t 0 |
| 856 | 4 | 2 | |3 Publisher description |u http://www.loc.gov/catdir/enhancements/fy0738/2007019564-d.html |t 0 |
| 938 | |a Baker & Taylor |b BKTY |c 16.95 |d 12.71 |i 1590172485 |n 0007111587 |s active | ||
| 938 | |a Baker and Taylor |b BTCP |n 2007019564 | ||
| 938 | |a YBP Library Services |b YANK |n 2561252 | ||
| 948 | |a cataloged |b h |c 2008/1/4 |d c |e vilik |f 12:30:18 pm | ||
| 994 | |a C0 |b TXA | ||
| 999 | |a MARS | ||
| 999 | f | f | |s a401f9b8-f19f-3ed6-9da8-9dcb6c40a478 |i d7384e6a-3b32-35aa-979b-5b7a5fb5c0b8 |t 0 |
| 952 | f | f | |p ric |a Texas A&M University |b Rellis Campus |c Joint Library Facility |d Remote Storage |t 0 |e PS3545.H16 A6 2007 |h Library of Congress classification |i unmediated -- volume |m A14836503106 |
| 998 | f | f | |a PS3545.H16 A6 2007 |t 0 |l Remote Storage |